000 01014nam a22003497a 4500
001 BR0305424
003 BR-BrBNA
005 20230928101428.0
007 ta
008 230509b bl.||||| |||| 00| 0 por d
040 _aBR-BrBNA
_bpor
_cBiblioteca Nacional de Agricultura
041 _a(Por)
072 _aQ02; E16
_b9910
090 _ 9910 BR0305424
100 1 _aReinato, C.H.R.
110 1 _aUniversidade Federal de Lavras, MG (Brasil)
_0Tese (Mestrado)
245 1 _aAvaliação técnica, econômica e qualitativa do uso de lenha e GLP na secagem de café
260 3 _aLavras, MG (Brasil):
_c2002.
300 _a126 p.
500 _aSummaries (Eng, Por); Bibliography p. 119-126; 24 tables; 29 illus.
650 _aCAFÉ
650 _aSECAGEM
650 _aLENHA
650 _aGÁS
650 _aANÁLISE ECONÔMICA
650 _aSECADOR
650 _aTEMPERATURA
650 _aQUALIDADE
650 _aECONOMIA DA PRODUÇÃO
909 _a202309
_bLucia
_c55
_dLucia Elande
942 _cBK
999 _c65781
_d65781